000 00359pab a2200157 454500
008 180718b2000 xxu||||| |||| 00| 0 eng d
100 _aDasgupta, R.K.
245 _aEducation: retrospect and prospect
260 _c2000
300 _ap.39-43
362 _aMay
650 _aEducation - India
650 _aEducation
773 _aYojana
909 _a44574
999 _c44574
_d44574